000
00327nam a22001337a 4500
008
170131b xxu||||| |||| 00| 0 eng d
020
_a
0721662234
041
_a
eng
080
_2
8TH
_a
61
100
_a
3
101
_a
SHMI
245
_a
HUNTER'S TROPICAL MEDICINE AND EMERGING INFECTOUS DISEASES
_c
STRICKLAND
942
_2
udc
_c
BK
999
_c
4051
_d
4051